| 000 | 00441nam a2200157Ia 4500 | ||
|---|---|---|---|
| 001 | 35817 | ||
| 003 | Ost | ||
| 005 | 20260507160534.0 | ||
| 008 | 251113s9999||||xx |||||||||||||| ||eng|| | ||
| 040 | _cnitttr | ||
| 041 | _aeng | ||
| 082 | _aTS155.6 | ||
| 100 | _aSchaefer, Dirk | ||
| 245 | 0 |
_aCloud-Based Design and Manufacturing (CBDM) : _b A Service-Oriented Product Development Paradigm for the 21st Century / _cSchaefer, Dirk |
|
| 942 | _cBK | ||
| 999 |
_c33216 _d33216 |
||